| 000 | 00405pab a2200145 454500 | ||
|---|---|---|---|
| 008 | 180718b1986 xxu||||| |||| 00| 0 eng d | ||
| 100 | _aThandavan, R. | ||
| 245 | _aJudiciary vs. legislature in India plea for structural reforms | ||
| 260 | _c1986 | ||
| 300 | _a603-10 | ||
| 362 | _aOct.-Dec. | ||
| 650 | _aSeparation of Powers - India | ||
| 773 | _aIndian Journal of Political Science | ||
| 909 | _a18051 | ||
| 999 |
_c18051 _d18051 |
||